Curso de direito tributário / (Record no. 740)

MARC details
000 -LÍDER
Campo Fixo de Controle 00824nam a2200265 a 4500
001 - NÚMERO DE CONTROLE
Campo de Controle 740
003 - IDENTIFICAÇÃO DO NÚMERO DE CONTROLE
Campo de Controle BR-CuiBMT
005 - DATA E HORA DA ÚLTIMA ATUALIZAÇÃO
Campo de Controle 20231129140012.0
008 - DADOS FIXOS
Dados Fixos 231116s2012 spb aaa 001 0 por d
020 ## - INTERNATIONAL STANDARD BOOK NUMBER
Nº do ISBN 8539201348
040 ## - AGÊNCIA CATALOGADORA
Código da Agência Catalogadora BR-CuiBMT
Agência que transcreveu o registro BR-CuiBMT
080 ## - Nº DA CLASSIFICAÇÃO DECIMAL UNIVERSAL
Nº Class. CDU 34:336.2
Nº edição CDU 2007
090 ## - NÚMERO DE CHAMADA
Nº classificação 34:336.2
Cutter M149c
Ano/Edição 33. ed.
100 10 - ENTRADA PRINCIPAL -- AUTOR PESSOAL
Nome pessoal Machado, Hugo Brito
245 10 - TÍTULO PRINCIPAL
Título principal Curso de direito tributário /
Indicação de responsabilidade Hugo de Brito Machado.
250 ## - EDIÇÃO
Edição 33. ed., rev., atual. e ampl.
260 ## - PUBLICAÇÃO, DISTRIBUIÇÃO, ETC.
Local de publicação São Paulo :
Editora Malheiros,
Data 2012.
300 ## - DESCRIÇÃO FÍSICA
N. páginas ou volumes 562 p. ;
Dimensões 21 cm
504 ## - NOTA DE BIBLIOGRAFIA, ETC.
Nota de bibliografia Inclui bibliografia e índice.
650 ## - ASSUNTO TÓPICO
Cabeçalho tópico ou nome geográfico Direito tributário
Subdivisão geográfica Brasil
650 ## - ASSUNTO TÓPICO
Cabeçalho tópico ou nome geográfico Sistema tributário
Subdivisão geográfica Brasil
650 ## - ASSUNTO TÓPICO
Cabeçalho tópico ou nome geográfico Administração tributária
Subdivisão geográfica Brasil
650 ## - ASSUNTO TÓPICO
Cabeçalho tópico ou nome geográfico Matéria tributária
Subdivisão geral Aspectos constitucionais
Subdivisão geográfica Brasil
942 ## - ELEMENTOS DE ENTRADA ADICIONAIS (KOHA)
Fonte de classificação ou esquema de arquivamento Classificação Decimal Universal
Tipo de item do Koha Livros
Holdings
Estado: removido Estado: perdido Fonte de classificação ou esquema de arquivamento Estado: danificado Indisponível para empréstimo Localização permanente Localização atual Data de aquisição Total Checkouts Número de Chamada completo Código de barras Date last seen Número do exemplar Preço efetivo a partir de Tipo de item (Koha)
    Classificação Decimal Universal     Biblioteca da Escola Superior de Contas do TCE/MT Biblioteca da Escola Superior de Contas do TCE/MT 02/04/2013   34:336.2 M149c 33. ed. BIBTCEMT23110606 16/11/2023 Ex. 1 16/11/2023 Livros

Powered by Koha